Giáo trình bóng bàn : (Dùng cho các trường Cao đẳng Sư phạm)

Lịch sử và quá trình hình thành môn bóng bàn. Nguyên lý kĩ thuật bóng bàn. Kĩ thuật bóng bàn. Chiến thuật bóng bàn. Đặc điểm, nguyên tắc và phương pháp tập luyện trong đánh đôi. Tổ chức thi đấu và trọng tài bóng bàn....

Täydet tiedot

Tallennettuna:
Bibliografiset tiedot
Päätekijä: Vũ, Thành Sơn
Aineistotyyppi: Kirja
Kieli:Undetermined
Julkaistu: Hà Nội Đại học Sư phạm Hà Nội 2007
Aiheet:
Tagit: Lisää tagi
Ei tageja, Lisää ensimmäinen tagi!
Thư viện lưu trữ: Trung tâm Học liệu Trường Đại học Cần Thơ
LEADER 01017nam a2200217Ia 4500
001 CTU_140806
008 210402s9999 xx 000 0 und d
020 |c 20000 
082 |a 796.346071 
082 |b S464 
100 |a Vũ, Thành Sơn 
245 0 |a Giáo trình bóng bàn : 
245 0 |b (Dùng cho các trường Cao đẳng Sư phạm) 
245 0 |c Vũ Thành Sơn (ch.b.), Nguyễn Danh Hoàng Việt 
260 |a Hà Nội 
260 |b Đại học Sư phạm Hà Nội 
260 |c 2007 
520 |a Lịch sử và quá trình hình thành môn bóng bàn. Nguyên lý kĩ thuật bóng bàn. Kĩ thuật bóng bàn. Chiến thuật bóng bàn. Đặc điểm, nguyên tắc và phương pháp tập luyện trong đánh đôi. Tổ chức thi đấu và trọng tài bóng bàn. 
650 |a Tables tennis,Bóng bàn 
904 |i Hạ Nguyên 
980 |a Trung tâm Học liệu Trường Đại học Cần Thơ